Strategic Human Resource Management : (Record no. 4784)
[ view plain ]
| 000 -LEADER | |
|---|---|
| fixed length control field | 00556nam a2200193Ia 4500 |
| 003 - CONTROL NUMBER IDENTIFIER | |
| control field | BUBTL |
| 008 - FIXED-LENGTH DATA ELEMENTS--GENERAL INFORMATION | |
| fixed length control field | 151213s9999 xx 000 0 und d |
| 020 ## - INTERNATIONAL STANDARD BOOK NUMBER | |
| International Standard Book Number | 81315015472 |
| 082 ## - DEWEY DECIMAL CLASSIFICATION NUMBER | |
| Classification number | 658.3/ M4891s/ 2001 |
| 100 ## - MAIN ENTRY--PERSONAL NAME | |
| Personal name | Mello,Jeffrey A. |
| 9 (RLIN) | 1291 |
| 245 ## - TITLE STATEMENT | |
| Title | Strategic Human Resource Management : |
| Statement of responsibility, etc. | Jeffrey A.Mello |
| 260 ## - PUBLICATION, DISTRIBUTION, ETC. (IMPRINT) | |
| Place of publication, distribution, etc. | Andover : |
| Name of publisher, distributor, etc. | Cengage Learning, |
| Date of publication, distribution, etc. | c2001. |
| 300 ## - PHYSICAL DESCRIPTION | |
| Extent | xviii, 667 p. : |
| Dimensions | 24 cm. |
| 500 ## - GENERAL NOTE | |
| General note | Includes Index . |
| 650 ## - SUBJECT ADDED ENTRY--TOPICAL TERM | |
| Topical term or geographic name as entry element | Management |
| 856 ## - ELECTRONIC LOCATION AND ACCESS | |
| Password | 0 |
| Logon | 0 |
| Link text | Download |
| 942 ## - ADDED ENTRY ELEMENTS (KOHA) | |
| Source of classification or shelving scheme | |
| Koha item type | Books |
| Withdrawn status | Lost status | Source of classification or shelving scheme | Damaged status | Not for loan | Collection code | Permanent location | Current location | Shelving location | Date acquired | Inventory number | Total Checkouts | Full call number | Barcode | Date last seen | Copy number | Price effective from | Koha item type | Date last checked out |
|---|---|---|---|---|---|---|---|---|---|---|---|---|---|---|---|---|---|---|
| Not For Loan | Non-fiction | Bangladesh University of Business and Technology Library | Bangladesh University of Business and Technology Library | Management Stacks | 03/07/2015 | 20275 | 658.3MES | BUBTL-200320275 | 07/20/2017 | C-1 | 07/20/2017 | Books | ||||||
| Non-fiction | Bangladesh University of Business and Technology Library | Bangladesh University of Business and Technology Library | Management Stacks | 03/07/2015 | 20276 | 1 | 658.3MES | BUBTL-200320276 | 12/11/2022 | C-2 | 07/20/2017 | Books | 11/23/2022 | |||||
| Non-fiction | Bangladesh University of Business and Technology Library | Bangladesh University of Business and Technology Library | Management Stacks | 03/07/2015 | 20277 | 658.3MES | BUBTL-200320277 | 07/20/2017 | C-3 | 07/20/2017 | Books | |||||||
| Not For Loan | Non-fiction | Bangladesh University of Business and Technology Library | Bangladesh University of Business and Technology Library | Management Stacks | 11/07/2017 | 658.3MES | BUBTL-200314804 | 11/07/2017 | C-4 | 11/07/2017 | Books | |||||||
| Not For Loan | Non-fiction | Bangladesh University of Business and Technology Library | Bangladesh University of Business and Technology Library | Management Stacks | 11/07/2017 | 658.3MES | BUBTL-200314805 | 11/07/2017 | C-5 | 11/07/2017 | Books | |||||||
| Non-fiction | Bangladesh University of Business and Technology Library | Bangladesh University of Business and Technology Library | Management Stacks | 11/07/2017 | 658.3MES | BUBTL-200314807 | 11/07/2017 | C-6 | 11/07/2017 | Books | ||||||||
| Non-fiction | Bangladesh University of Business and Technology Library | Bangladesh University of Business and Technology Library | Management Stacks | 11/07/2017 | 658.3MES | BUBTL-200314808 | 11/07/2017 | C-7 | 11/07/2017 | Books | ||||||||
| Not For Loan | Non-fiction | Bangladesh University of Business and Technology Library | Bangladesh University of Business and Technology Library | Management Stacks | 03/07/2015 | 20278 | 658.3MES | BUBTL-200320278 | 11/26/2017 | C-8 | 11/26/2017 | Books | ||||||
| Non-fiction | Bangladesh University of Business and Technology Library | Bangladesh University of Business and Technology Library | Management Stacks | 03/31/2021 | 14806 | 658.3MES | BUBTL-200314806 | 03/31/2021 | C-9 | 03/31/2021 | Books |
